000 00745nam a2200241Ia 4500
003 OSt
005 20220923215313.0
006 a|||||r|||| 00| 0
007 ta
008 220922b |||||||| |||| 00| 0 hin d
024 _a177,601
037 _cTextual
040 _aARTS
_cARTS
_bhin
041 _2hin
_ahin
082 _aO152,1:g(P:75), M8
100 _aकौशिक, जगदीश प्रसाद
245 0 _aछन्द शास्त्र
246 _aChhanda shāstra
260 _aजयपुर
_b ग्रंथ विकास
_c1988
300 _a93 पृ.
_ccm.
942 _hO152,1:g(P:75), M8
_cTEXL
_2CC
999 _c330989
_d330989